000 00648nam a2200253Ia 4500
003 OSt
005 20221005125509.0
006 a|||||r|||| 00| 0
007 ta
008 221004b |||||||| |||| 00| 0 eng d
024 _a56995
037 _cTextual
040 _aCRL
_cCRL
_beng
041 _2eng
_aeng
082 _aU:233k, G4
110 _aNorth west frontier. Province
245 0 _aPeshawar district gazetteer 1931.
260 _c1934
490 _aN W F Province gazetteers, A.
650 _aGEOGRAPHY
700 _aNorth west frontier. Province
942 _hU:233k, G4
_cTEXL
_2cc
999 _c1054200
_d1054200